[Event "CHOPIN"]
[Site "SchemingMind.com"]
[Date "2007.10.28"]
[Round "-"]
[White "Dr_Pat"]
[Black "fouche"]
[Result "1-0"]
[WhiteCountry "USA"]
[BlackCountry "COL"]
[WhiteElo "1497"]
[WhiteRD "44"]
[BlackElo "1622"]
[BlackRD "65"]
[GameID "125868"]

1. d4 Nf6 2. c4 c5 3. d5 e5 4. Nc3 d6 5. e4 Na6 6. Bd3 Nc7 7. f4 a6 8. Nf3 Nd7 9. O-O Rb8 10. fxe5 Nxe5
11. Nxe5 dxe5 12. Be3 Bd6 13. Ne2 O-O 14. Ng3 Bd7 15. Nf5 Ne8 16. Qf3 Bxf5 17. Qxf5 Qc8 18. Qf2 f6 19. Be2 b5 20. b4 cxb4
21. c5 Be7 22. Rad1 Bd6 23. cxd6 Nxd6 24. Bf3 Qd7 25. Bc5 Rfc8 26. h3 a5 27. Bg4 Nxe4 28. Bxd7 Nxf2 29. Bxc8 Nxd1 30. Be6+
1-0

[Event "CHOPIN"]
[Site "SchemingMind.com"]
[Date "2007.10.23"]
[Round "-"]
[White "Lazaro"]
[Black "fouche"]
[Result "1-0"]
[WhiteCountry "CUB"]
[BlackCountry "COL"]
[WhiteElo "1900"]
[WhiteRD "58"]
[BlackElo "1622"]
[BlackRD "65"]
[GameID "125869"]

1. e4 c5 2. Nf3 Nc6 3. d4 cxd4 4. Nxd4 e5 5. Nb5 d6 6. N1c3 a6 7. Na3 b5 8. Nd5 Nf6 9. Bg5 Be7 10. Bxf6 gxf6
11. c4 b4 12. Nc2 a5 13. Bd3 O-O 14. Qh5 f5 15. exf5 Bf6 16. Nce3 Ne7 17. Nxf6+
1-0

[Event "CHOPIN"]
[Site "SchemingMind.com"]
[Date "2007.10.24"]
[Round "-"]
[White "Jochen"]
[Black "fouche"]
[Result "0-1"]
[WhiteCountry "GBR"]
[BlackCountry "COL"]
[WhiteElo "1406"]
[WhiteRD "148"]
[BlackElo "1568"]
[BlackRD "68"]
[GameID "125871"]

1. d4 Nf6 2. Qd3 d6 3. Qb5+ c6 4. Qd3 g6 5. Nc3 Bg7 6. Bf4 O-O 7. h3 Nbd7 8. Nf3 Re8 9. b4 e5 10. dxe5 dxe5
11. Be3 e4 12. Nxe4 Nxe4 13. g4 Bxa1 14. Nd4 Ndf6 15. Bf4 Bc3+ 16. Bd2 Bxd2+ 17. Qxd2 Nxd2 18. Bg2 Qxd4 19. f3 Qe3 20. a3 Qxe2#
0-1

[Event "CHOPIN"]
[Site "SchemingMind.com"]
[Date "2007.10.25"]
[Round "-"]
[White "TimeTrouble"]
[Black "twotone"]
[Result "1-0"]
[WhiteCountry "USA"]
[BlackCountry "ENG"]
[WhiteElo "1839"]
[WhiteRD "105"]
[BlackElo "1523"]
[BlackRD "72"]
[GameID "126036"]

1. d4 c5 2. d5 Qb6 3. c4 d6 4. Nc3 e6 5. e4 Nf6 6. Qc2 Be7 7. Nf3 h6 8. Be2 O-O 9. O-O e5 10. Nh4 a6
11. Nf5 Bxf5 12. exf5 Nbd7 13. b3 Qd8 14. f4 Rb8 15. Be3 b6 16. Qd2 Ne8 17. fxe5 Nxe5 18. Ne4 f6 19. Bh5 Qd7 20. Bxh6 Nf7
21. Be3 b5 22. Rf3 Bd8 23. Raf1 Bc7 24. Bg6 Nh8 25. Rg3 Qe7 26. Rf4 Nxg6 27. Rxg6 Ba5 28. Qxa5 Nc7 29. Qe1 Kf7 30. Qg3 Rg8
31. Rfg4 Ne8 32. Nxf6 gxf6 33. Rxg8 Qd7 34. R4g7+ Nxg7 35. Qxg7#
1-0

[Event "CHOPIN"]
[Site "SchemingMind.com"]
[Date "2007.10.25"]
[Round "-"]
[White "TimeTrouble"]
[Black "Nephi_R"]
[Result "1-0"]
[WhiteCountry "USA"]
[BlackCountry "PHI"]
[WhiteElo "1890"]
[WhiteRD "90"]
[BlackElo "1548"]
[BlackRD "80"]
[GameID "126037"]

1. d4 d5 2. c4 c6 3. Nf3 Nf6 4. Nc3 e6 5. e3 Bb4 6. Bd3 O-O 7. O-O Nbd7 8. Qc2 Re8 9. a3 Bxc3 10. bxc3 c5
11. cxd5 exd5 12. c4 b6 13. cxd5 Nxd5 14. Bxh7+ Kh8 15. Be4 N7f6 16. Bxd5 Qxd5 17. dxc5 Bf5 18. Qd2 Qxc5 19. Bb2 Rad8 20. Qc3 Qxc3
21. Bxc3 Ne4 22. Bb2 Kh7 23. Nd4 Bg6 24. Nc6 Rd7 25. Ne5 Rd2 26. Nxg6 Kxg6 27. Bd4 Rc8 28. Rac1 Rdc2 29. Rxc2 Rxc2 30. f3 Nd2
31. Rd1 Nb3 32. Be5
1-0

[Event "CHOPIN"]
[Site "SchemingMind.com"]
[Date "2007.10.28"]
[Round "-"]
[White "TimeTrouble"]
[Black "Dr_Pat"]
[Result "1-0"]
[WhiteCountry "USA"]
[BlackCountry "USA"]
[WhiteElo "1812"]
[WhiteRD "107"]
[BlackElo "1497"]
[BlackRD "44"]
[GameID "126038"]

1. d4 Nf6 2. c4 e6 3. Nc3 Bb4 4. Qc2 d5 5. cxd5 exd5 6. Bg5 Nc6 7. Nf3 O-O 8. e3 Bg4 9. Be2 h6 10. Bh4 Ne4
11. Bxd8
1-0

[Event "CHOPIN"]
[Site "SchemingMind.com"]
[Date "2007.10.25"]
[Round "-"]
[White "TimeTrouble"]
[Black "fouche"]
[Result "0-1"]
[WhiteCountry "USA"]
[BlackCountry "COL"]
[WhiteElo "1779"]
[WhiteRD "98"]
[BlackElo "1612"]
[BlackRD "59"]
[GameID "126039"]

1. d4 Nf6 2. c4 c5 3. d5 e5 4. Nc3 d6 5. e4 Na6 6. a3 Nc7 7. Nge2 a6 8. Ng3 Rb8 9. Be2 Bd7 10. O-O Be7
11. Nh5 O-O 12. Nxf6+ Bxf6 13. f4 b5 14. f5 Qe8 15. Rf3 a5 16. cxb5 Bxb5 17. Nxb5 Nxb5 18. Bxb5 Rxb5 19. Qc2 Qb8 20. a4 Rb4
21. Raa3 Rc8 22. b3 c4 23. bxc4 Rbxc4 24. Rac3 Qb4 25. Bd2 Qc5+ 26. Kh1 Bd8 27. Rxc4 Qxc4 28. Qxc4 Rxc4 29. Rb3 Rxa4 30. Kg1 Kf8
31. Re3 Bg5 32. Rd3 Bxd2 33. Rxd2 Rxe4 34. h3 Rb4 35. g4 a4 36. Ra2 Ke7 37. Kf2 Kf6 38. Ra3 e4 39. Ke2 Ke5 40. h4 Kxd5
41. Ra2 Ke5 42. Ra3 d5 43. Rc3 d4 44. Rc5+ Kd6
0-1

[Event "CHOPIN"]
[Site "SchemingMind.com"]
[Date "2007.10.25"]
[Round "-"]
[White "TimeTrouble"]
[Black "Lazaro"]
[Result "1-0"]
[WhiteCountry "USA"]
[BlackCountry "CUB"]
[WhiteElo "1890"]
[WhiteRD "90"]
[BlackElo "1595"]
[BlackRD "46"]
[GameID "126040"]

1. d4 d5 2. c4 e6 3. Nc3 c6 4. e3 Nf6 5. Nf3 Nbd7 6. Bd3 dxc4 7. Bxc4 c5 8. O-O a6 9. a4 Be7 10. dxc5 Nxc5
11. Qxd8+ Bxd8 12. b4 Nce4 13. Nxe4 Nxe4 14. Bb2 O-O 15. Rfd1 Bf6 16. Bxf6 Nxf6 17. Ne5 b6 18. Rd6 Rb8 19. Rad1 Bb7 20. Rxb6 Bd5
21. Rxb8 Rxb8 22. Bxa6 Rxb4 23. Bb5
1-0

[Event "CHOPIN"]
[Site "SchemingMind.com"]
[Date "2007.10.25"]
[Round "-"]
[White "TimeTrouble"]
[Black "Jochen"]
[Result "1-0"]
[WhiteCountry "USA"]
[BlackCountry "GBR"]
[WhiteElo "1812"]
[WhiteRD "107"]
[BlackElo "1263"]
[BlackRD "103"]
[GameID "126043"]

1. d4 c6 2. e4 Qa5+ 3. Nd2 e5 4. dxe5 Qxe5 5. Ngf3 Qe7 6. Bd3 b5 7. O-O Nf6 8. Nb3 Ng4 9. h3 Nh6 10. Re1 g5
11. Bxg5 f6 12. Bh4 d5 13. exd5 cxd5 14. Rxe7+ Bxe7 15. Bxb5+ Bd7 16. Qxd5 Nc6 17. Bxc6 Rd8 18. Bxd7+ Kf8 19. Qe6
1-0

[Event "CHOPIN"]
[Site "SchemingMind.com"]
[Date "2007.10.26"]
[Round "-"]
[White "twotone"]
[Black "TimeTrouble"]
[Result "0-1"]
[WhiteCountry "ENG"]
[BlackCountry "USA"]
[WhiteElo "1523"]
[WhiteRD "72"]
[BlackElo "1839"]
[BlackRD "105"]
[GameID "126044"]

1. d4 d5 2. Nf3 Nf6 3. e3 e6 4. Bd3 c5 5. O-O Nbd7 6. c3 Bd6 7. Nbd2 O-O 8. Ne5 Nxe5 9. dxe5 Bxe5 10. Nf3 Bd6
11. c4 b6 12. b3 Bb7 13. Re1 Qc7 14. Ng5 h6 15. Nf3 dxc4 16. Bxc4 Bxf3 17. Qxf3 Bxh2+ 18. Kh1 Bd6 19. Bb2 Be7 20. e4 Rad8
21. Rad1 Rxd1 22. Qxd1 Rd8 23. Qf3 Rd2 24. Rb1 Qc6 25. Bd3 Qd6 26. Bc4 Qd8 27. a4 Rd7 28. e5 Nd5 29. Rd1 f6 30. Bc1 fxe5
31. Bb5 Rc7 32. Qg3 Bg5 33. Bb2 Bf4 34. Qg6 Qe7 35. Qh5 Nf6 36. Qe2 Nd7 37. g3 Bg5 38. Bxd7 Rxd7 39. Bxe5 Rxd1+ 40. Qxd1 Qd8
41. Qe2 Qd5+ 42. f3 Qxb3 43. f4 Be7 44. a5 b5 45. Qf2 Qd5+ 46. Kh2 Bf6 47. Bb8 Bd4 48. Qd2 Bg1+ 49. Kxg1 Qxd2 50. Kf1 Qxa5
51. Ke2 b4 52. Kd2 Qd8+
0-1

[Event "CHOPIN"]
[Site "SchemingMind.com"]
[Date "2007.10.25"]
[Round "-"]
[White "Nephi_R"]
[Black "TimeTrouble"]
[Result "0-1"]
[WhiteCountry "PHI"]
[BlackCountry "USA"]
[WhiteElo "1548"]
[WhiteRD "80"]
[BlackElo "1890"]
[BlackRD "90"]
[GameID "126045"]

1. e4 c5 2. d4 cxd4 3. Nf3 d6 4. Nxd4 Nf6 5. Bb5+ Nbd7 6. Nc3 e6 7. Be3 Be7 8. O-O a6 9. Bd3 O-O 10. h3 Qc7
11. f4 b5 12. a3 Bb7 13. Qe2 Rac8 14. Rad1 Nc5 15. Bf2 Nxd3 16. cxd3 e5 17. fxe5 dxe5 18. Nf5 Bc5 19. Kh2 Bxf2 20. Qxf2 Rcd8
21. Nxg7 Kxg7 22. Qxf6+ Kg8 23. Rf5 Rfe8 24. Rg5+ Kf8 25. Qg7+ Ke7 26. Qxe5+ Qxe5+ 27. Rxe5+ Kf6 28. Rxe8 Rxe8 29. Kg3 Kg5 30. Rf1 f6
31. Nd5 Bxd5
0-1

[Event "CHOPIN"]
[Site "SchemingMind.com"]
[Date "2007.10.28"]
[Round "-"]
[White "Dr_Pat"]
[Black "TimeTrouble"]
[Result "0-1"]
[WhiteCountry "USA"]
[BlackCountry "USA"]
[WhiteElo "1543"]
[WhiteRD "50"]
[BlackElo "1839"]
[BlackRD "105"]
[GameID "126046"]

1. d4 d5 2. c4 e6 3. Nc3 Nf6 4. Bg5 Be7 5. e3 h6 6. Bh4 O-O 7. Nf3 b6 8. Be2 Bb7 9. O-O Nbd7 10. Rc1 c5
11. cxd5 Nxd5 12. Bxe7 Qxe7 13. Nxd5 Bxd5 14. Qd3 c4 15. Qd2 b5 16. Ne5 Nxe5 17. dxe5 Qg5 18. f3 Qxe5 19. f4 Qf6 20. f5 Qg5
21. g3 Rad8 22. fxe6 Bxe6 23. Qc3 Rfe8
0-1

[Event "CHOPIN"]
[Site "SchemingMind.com"]
[Date "2007.10.26"]
[Round "-"]
[White "fouche"]
[Black "TimeTrouble"]
[Result "0-1"]
[WhiteCountry "COL"]
[BlackCountry "USA"]
[WhiteElo "1612"]
[WhiteRD "59"]
[BlackElo "1779"]
[BlackRD "98"]
[GameID "126047"]

1. d4 d5 2. c4 e6 3. Nc3 Nf6 4. Bg5 Be7 5. Nf3 h6 6. Bh4 O-O 7. e3 b6 8. Rc1 Bb7 9. Be2 Nbd7 10. O-O c5
11. Ne5 Nxe5 12. dxe5 Nd7 13. Bxe7 Qxe7 14. f4 Rad8 15. cxd5 exd5 16. Nxd5 Bxd5 17. Qxd5 Nf6 18. Qc6 Nd5 19. e4 Nb4 20. Qa4 Rd4
21. a3 Rxe4 22. Bd3 Nxd3 23. Qxe4 Nxc1 24. Rxc1 Rd8 25. h3 Qd7 26. Re1 Qd4+ 27. Qxd4 Rxd4 28. g3 Rd2 29. b4 c4 30. Re3 Kf8
31. Kf1 Ke7 32. Rc3 b5 33. Re3 Ke6 34. Ke1 Rd4 35. Ke2 Kd5 36. Kf3 Rd3 37. Rxd3+ cxd3 38. Ke3 Kc4 39. Kd2 Kd4 40. g4 g6
41. h4 Ke4 42. h5 gxh5 43. gxh5 Kxf4
0-1

[Event "CHOPIN"]
[Site "SchemingMind.com"]
[Date "2007.10.25"]
[Round "-"]
[White "Lazaro"]
[Black "TimeTrouble"]
[Result "0-1"]
[WhiteCountry "CUB"]
[BlackCountry "USA"]
[WhiteElo "1595"]
[WhiteRD "46"]
[BlackElo "1890"]
[BlackRD "90"]
[GameID "126048"]

1. e4 c5 2. Nf3 d6 3. d4 cxd4 4. Nxd4 Nf6 5. Nc3 a6 6. Be3 e6 7. Be2 Qc7 8. O-O b5 9. a3 Bb7 10. Bf3 Nbd7
11. Qd2 Ne5 12. Be2 Nxe4 13. Nxe4 Bxe4 14. Bf4 Ng6 15. Bg3 Be7 16. Rad1 O-O 17. Bf3 Bxf3 18. Nxf3 Rfd8 19. c3 Qb6 20. Rfe1 d5
21. h4 h5
0-1

[Event "CHOPIN"]
[Site "SchemingMind.com"]
[Date "2007.10.25"]
[Round "-"]
[White "Jochen"]
[Black "TimeTrouble"]
[Result "0-1"]
[WhiteCountry "GBR"]
[BlackCountry "USA"]
[WhiteElo "1263"]
[WhiteRD "103"]
[BlackElo "1812"]
[BlackRD "107"]
[GameID "126051"]

1. Nf3 Nf6 2. e3 d5 3. c3 c5 4. h3 Nc6 5. d3 e5 6. a3 Be7 7. b4 cxb4 8. axb4 O-O 9. Ng5 h6 10. Nf3 b6
11. Nh4 d4 12. cxd4 exd4 13. Ra4 Bxb4+ 14. Nd2 dxe3 15. fxe3 Nd5 16. Bb2 Qxh4+ 17. Ke2 Re8 18. Ne4 Bg4+
0-1

[Event "CHOPIN"]
[Site "SchemingMind.com"]
[Date "2007.10.25"]
[Round "-"]
[White "Konan_Kaddosh"]
[Black "twotone"]
[Result "1-0"]
[WhiteCountry "ITA"]
[BlackCountry "ENG"]
[WhiteElo "2415"]
[WhiteRD "58"]
[BlackElo "1527"]
[BlackRD "70"]
[GameID "126196"]

1. e4 e5 2. c3 d5 3. Nf3 Bg4 4. Qa4+ c6 5. Nxe5 Be6 6. exd5 Bxd5 7. d4 Nf6 8. Be2 Bxg2 9. Rg1 Bd5 10. Bf4 b5
11. Qc2 Nbd7 12. Nd2 a6 13. O-O-O Nxe5 14. dxe5 Nd7 15. c4 Be6 16. Nf3 g6 17. Ng5 Qe7 18. Nxe6 Qxe6 19. Bg4 Qe7 20. Bxd7+ Kd8
21. e6 Ra7 22. Bxc6+ Kc8 23. Bd7+ Rxd7 24. exd7+ Kd8 25. cxb5 Qf6 26. Qc8+ Ke7 27. d8=Q#
1-0

[Event "CHOPIN"]
[Site "SchemingMind.com"]
[Date "2007.10.25"]
[Round "-"]
[White "Konan_Kaddosh"]
[Black "Nephi_R"]
[Result "1-0"]
[WhiteCountry "ITA"]
[BlackCountry "PHI"]
[WhiteElo "2415"]
[WhiteRD "58"]
[BlackElo "1886"]
[BlackRD "155"]
[GameID "126197"]

1. e4 e6 2. d4 d5 3. Nc3 Bb4 4. e5 b6 5. Qg4 Bf8 6. Bg5 Ne7 7. Nf3 a6 8. Bxe7 Qxe7 9. Nxd5 Qd8 10. Ne3 Bb7
11. O-O-O h5 12. Qg3 g6 13. d5 exd5 14. e6 Qd6 15. exf7+ Kxf7 16. Ne5+ Kf6 17. Qxg6+ Kxe5 18. Qf5#
1-0

[Event "CHOPIN"]
[Site "SchemingMind.com"]
[Date "2007.10.28"]
[Round "-"]
[White "Konan_Kaddosh"]
[Black "Dr_Pat"]
[Result "1-0"]
[WhiteCountry "ITA"]
[BlackCountry "USA"]
[WhiteElo "2415"]
[WhiteRD "58"]
[BlackElo "1497"]
[BlackRD "44"]
[GameID "126198"]

1. e4 Nf6 2. e5 Nd5 3. d4 d6 4. Nf3 Bg4 5. Be2 e6 6. O-O Be7 7. c4 Nb6 8. Nc3 O-O 9. Be3 d5 10. c5 Bxf3
11. gxf3 Nc8 12. f4 Nc6 13. Kg2 Rb8 14. Qa4 f6 15. Kh3 b6 16. Qxc6
1-0

[Event "CHOPIN"]
[Site "SchemingMind.com"]
[Date "2007.10.25"]
[Round "-"]
[White "Konan_Kaddosh"]
[Black "fouche"]
[Result "1-0"]
[WhiteCountry "ITA"]
[BlackCountry "COL"]
[WhiteElo "2415"]
[WhiteRD "58"]
[BlackElo "1622"]
[BlackRD "65"]
[GameID "126199"]

1. e4 c5 2. Nf3 Nc6 3. d4 cxd4 4. Nxd4 e5 5. Nb5 d6 6. c4 Nf6 7. N1c3 a6 8. Na3 Be7 9. Bd3 Be6 10. O-O O-O
11. Nc2 Rc8 12. Nd5 Na5 13. Qe2 Nxd5 14. cxd5 Bd7 15. b4 Nc6 16. dxc6 Bxc6 17. Ne3 d5 18. exd5 Bxd5 19. Rd1 e4 20. Bc2 Bc4
21. Nxc4 Qc7 22. Qxe4 g6 23. Bb2 Rfe8 24. Qd4 f6 25. Nb6 Rcd8 26. Nd5 Qxc2 27. Nxe7+
1-0

[Event "CHOPIN"]
[Site "SchemingMind.com"]
[Date "2007.10.25"]
[Round "-"]
[White "Konan_Kaddosh"]
[Black "Lazaro"]
[Result "1-0"]
[WhiteCountry "ITA"]
[BlackCountry "CUB"]
[WhiteElo "2467"]
[WhiteRD "58"]
[BlackElo "1856"]
[BlackRD "56"]
[GameID "126200"]

1. e4 Nf6 2. e5 Nd5 3. d4 d6 4. Nf3 Bf5 5. Bd3 Qd7 6. O-O Nc6 7. c4 Nb6 8. exd6 cxd6 9. Nc3 Bg4 10. Be3 d5
11. c5 Nc8 12. h3 Bxf3 13. Qxf3 e6 14. a3 Be7 15. Qh5 Bf6 16. Rfd1 a6 17. Bc2 g6 18. Qh6 b5 19. Ne2 N8e7 20. a4 b4
21. Ng3 Ng8 22. Qf4 Bg7 23. Qg4 Nge7 24. Nh5 Bxd4 25. Rxd4 gxh5 26. Qxh5 Nxd4 27. Bxd4 Rf8 28. Re1 O-O-O 29. Bg7 Rg8 30. Bf6 Ng6
31. Bd3 Rdf8 32. Bxa6+ Kb8 33. Bb5 Qc7 34. Qh6 Ka8 35. g3 Rc8 36. Ba6 Rb8 37. Rc1 Ka7 38. Bf1 Ne7 39. Qe3 Nc6 40. Bd3 h5
41. Qf3 h4 42. g4
1-0

[Event "CHOPIN"]
[Site "SchemingMind.com"]
[Date "2007.10.26"]
[Round "-"]
[White "Konan_Kaddosh"]
[Black "TimeTrouble"]
[Result "1-0"]
[WhiteCountry "ITA"]
[BlackCountry "USA"]
[WhiteElo "2415"]
[WhiteRD "58"]
[BlackElo "1812"]
[BlackRD "107"]
[GameID "126203"]

1. e4 c5 2. Nf3 d6 3. d4 cxd4 4. Nxd4 Nf6 5. Nc3 a6 6. Be2 e6 7. O-O Be7 8. Qd3 O-O 9. Qg3 b5 10. Bf3 Ra7
11. Rd1 b4 12. Nce2 Kh8 13. Bf4 Bb7 14. e5 dxe5 15. Nxe6 exf4 16. Qxg7#
1-0

[Event "CHOPIN"]
[Site "SchemingMind.com"]
[Date "2007.10.25"]
[Round "-"]
[White "Konan_Kaddosh"]
[Black "Jochen"]
[Result "1-0"]
[WhiteCountry "ITA"]
[BlackCountry "GBR"]
[WhiteElo "2377"]
[WhiteRD "62"]
[BlackElo "1406"]
[BlackRD "148"]
[GameID "126204"]

1. e4 Nc6 2. d4 e5 3. dxe5 Nxe5 4. Nf3 f6 5. Nxe5 fxe5 6. Qh5+ g6 7. Qxe5+ Qe7 8. Qxh8 Qxe4+ 9. Be3 Qb4+ 10. Nd2 Nh6
11. Bxh6 Qe7+ 12. Kd1 d6 13. Bb5+ Bd7 14. Re1 Bxb5 15. Qxf8+ Kd7 16. Rxe7+ Kc6 17. Qxa8 a6 18. Be3 h5 19. Qe8+ Kd5 20. Qf7+ Kc6
21. Rxc7#
1-0

[Event "CHOPIN"]
[Site "SchemingMind.com"]
[Date "2007.10.26"]
[Round "-"]
[White "twotone"]
[Black "Konan_Kaddosh"]
[Result "0-1"]
[WhiteCountry "ENG"]
[BlackCountry "ITA"]
[WhiteElo "1527"]
[WhiteRD "70"]
[BlackElo "2415"]
[BlackRD "58"]
[GameID "126205"]

1. d4 Nf6 2. e3 d5 3. Bd3 c5 4. c3 Nc6 5. f4 Bg4 6. Be2 Bxe2 7. Nxe2 e6 8. O-O Qb6 9. b3 Bd6 10. Ba3 O-O
11. b4 cxb4 12. Bb2 Rfc8 13. Nd2 Ne7 14. Nb3 Nf5 15. Rf3 Ne4 16. cxb4 Bxb4 17. Rb1 a5 18. a3 a4 19. Na1 Bd2 20. Bc3 Bxe3+
21. Kh1 Nxc3 22. Nxc3 Qxb1 23. Qxb1 Rxc3 24. Nc2 Rac8 25. Rf1 Rxc2 26. h4 Rc1 27. Qb5 Rxf1+ 28. Kh2 Bg1+ 29. Kh3 Rc3+ 30. Kg4 Rg3+
31. Kh5 g6#
0-1

[Event "CHOPIN"]
[Site "SchemingMind.com"]
[Date "2007.10.26"]
[Round "-"]
[White "Nephi_R"]
[Black "Konan_Kaddosh"]
[Result "0-1"]
[WhiteCountry "PHI"]
[BlackCountry "ITA"]
[WhiteElo "1886"]
[WhiteRD "155"]
[BlackElo "2415"]
[BlackRD "58"]
[GameID "126206"]

1. e4 c5 2. d4 cxd4 3. c3 Nf6 4. e5 Nd5 5. cxd4 d6 6. exd6 Qxd6 7. Nc3 Nc6 8. Nf3 Bg4 9. Be2 e6 10. O-O Be7
11. h3 Bh5 12. Ne4 Qb4 13. a3 Qb6 14. g4 Bg6 15. Bd3 O-O-O 16. Rb1 Nxd4 17. Nxd4 Qxd4 18. Bc2 Qe5 19. Qf3 h5 20. g5 h4
21. Re1 f5 22. gxf6 Bh5 23. Qd3 gxf6 24. Be3 Rhg8+ 25. Kf1 Qh2
0-1

[Event "CHOPIN"]
[Site "SchemingMind.com"]
[Date "2007.10.29"]
[Round "-"]
[White "Dr_Pat"]
[Black "Konan_Kaddosh"]
[Result "0-1"]
[WhiteCountry "USA"]
[BlackCountry "ITA"]
[WhiteElo "1497"]
[WhiteRD "44"]
[BlackElo "2415"]
[BlackRD "58"]
[GameID "126207"]

1. d4 Nf6 2. c4 e6 3. Nc3 Bb4 4. e3 b6 5. Ne2 Ba6 6. a3 Be7 7. Nf4 d5 8. cxd5 Bxf1 9. Rxf1 Nxd5 10. Ncxd5 exd5
11. Qd3 O-O 12. b4 Re8 13. f3 Bd6 14. g3 a5 15. bxa5 Bxf4 16. gxf4 Rxa5 17. Bd2 Ra8 18. Rg1 Qh4+ 19. Kf1 Qxh2 20. Rc1 c6
21. Be1 Ra4 22. Bg3 Qa2 23. Rh1 h6 24. f5 Rxa3 25. Qb1 Qd2 26. Bxb8 Qxe3 27. Re1 Qxf3+ 28. Kg1 Qg4+
0-1

[Event "CHOPIN"]
[Site "SchemingMind.com"]
[Date "2007.10.26"]
[Round "-"]
[White "fouche"]
[Black "Konan_Kaddosh"]
[Result "0-1"]
[WhiteCountry "COL"]
[BlackCountry "ITA"]
[WhiteElo "1622"]
[WhiteRD "65"]
[BlackElo "2415"]
[BlackRD "58"]
[GameID "126208"]

1. f4 d5 2. Nf3 Nf6 3. b3 g6 4. Bb2 Bg7 5. e3 O-O 6. Be2 c5 7. O-O Nc6 8. d4 Qa5 9. Bc3 Qb6 10. dxc5 Qxc5
11. Bd4 Nxd4 12. exd4 Qc7 13. Ne5 Ne4 14. c4 f6 15. Nd3 dxc4 16. bxc4 Rd8 17. Nf2 f5 18. Nxe4 Bxd4+ 19. Kh1 Bxa1
0-1

[Event "CHOPIN"]
[Site "SchemingMind.com"]
[Date "2007.10.26"]
[Round "-"]
[White "Lazaro"]
[Black "Konan_Kaddosh"]
[Result "0-1"]
[WhiteCountry "CUB"]
[BlackCountry "ITA"]
[WhiteElo "1595"]
[WhiteRD "46"]
[BlackElo "2480"]
[BlackRD "58"]
[GameID "126209"]

1. d4 Nf6 2. c4 e6 3. Nf3 b6 4. g3 Ba6 5. b3 Bb4+ 6. Bd2 Be7 7. Nc3 d5 8. cxd5 exd5 9. Bg2 O-O 10. O-O Bb7
11. Ne5 Nbd7 12. Rc1 Re8 13. Bg5 c6 14. f4 h6 15. Bh4 Nxe5 16. fxe5 g5 17. Bxg5 hxg5 18. exf6 Bxf6 19. Qd2 Bc8 20. b4 Be6
21. b5 Rc8 22. e4 c5 23. dxc5 d4 24. Nd5 Bxd5 25. exd5 Rxc5 26. Rcd1 Rc7 27. Qf2 Kg7 28. Rd2 Rh8 29. a4 Rh6 30. Be4 Qe7
31. Re1 Qd6 32. Rc2= Rc3 33. Qf5 Qe5 34. Rce2 Ra3 35. Rd2 Re3 36. Rdd1 Rh8 37. Rxe3 dxe3 38. Qxe5 Bxe5 39. Bd3 Rd8 40. Be2 f5
41. Kg2 Bd6 42. h4 gxh4 43. gxh4 Kf6
0-1

[Event "CHOPIN"]
[Site "SchemingMind.com"]
[Date "2007.10.26"]
[Round "-"]
[White "TimeTrouble"]
[Black "Konan_Kaddosh"]
[Result "0-1"]
[WhiteCountry "USA"]
[BlackCountry "ITA"]
[WhiteElo "1779"]
[WhiteRD "98"]
[BlackElo "2467"]
[BlackRD "58"]
[GameID "126212"]

1. d4 Nf6 2. c4 e6 3. Nc3 Bb4 4. Qc2 O-O 5. a3 Bxc3+ 6. Qxc3 b6 7. Bg5 Bb7 8. f3 h6 9. Bh4 d5 10. e3 Nbd7
11. cxd5 Nxd5 12. Bxd8 Nxc3 13. Bh4 Nd5 14. Bf2 f5 15. Bb5 c6 16. Bd3 e5 17. Ne2 Rae8 18. O-O exd4 19. exd4 Nb8 20. Nc3 Ba6
21. Bxa6 Nxa6 22. Nxd5 cxd5 23. Rac1 Re2 24. b4 Rb2 25. Bg3 f4 26. Bf2 Rb3 27. Ra1 Rc8 28. Rfb1 Rxb1+ 29. Rxb1 Rc3 30. Ra1 Kf7
31. Kf1 Nc7 32. a4 Ne6 33. a5 b5 34. Rb1 Rc4 35. g4 Nd8 36. Ke2 Nc6 37. Kd3 Nxb4+
0-1

[Event "CHOPIN"]
[Site "SchemingMind.com"]
[Date "2007.10.25"]
[Round "-"]
[White "Jochen"]
[Black "Konan_Kaddosh"]
[Result "0-1"]
[WhiteCountry "GBR"]
[BlackCountry "ITA"]
[WhiteElo "1406"]
[WhiteRD "148"]
[BlackElo "2377"]
[BlackRD "62"]
[GameID "126213"]

1. e4 c5 2. Nc3 Nc6 3. Nd5 e6 4. Nf4 Nf6 5. Bd3 d5 6. e5 Nxe5 7. Bb5+ Bd7 8. Qe2 Bd6 9. Nf3 Nxf3+ 10. Qxf3 Bxb5
11. Qb3 Qa5 12. c3 Bxf4 13. a4 Bd3 14. Qxb7 Rb8 15. Qc6+ Ke7 16. g3 Rb6 17. Qxb6 Qxb6 18. a5 Qd6 19. gxf4 Qxf4 20. Rg1 Qe4+
0-1